| 000 | 00964cam a2200265 a 4500 | ||
|---|---|---|---|
| 005 | 20171107101625.0 | ||
| 008 | 040809s2001 ec ado r 000 0 spa d | ||
| 015 | _aNNN | ||
| 020 | _a9978417478 | ||
| 040 |
_aCO-BoPUJ _cCO-BoIAVH _dCO-BoIAVH |
||
| 041 | 0 | _aspa | |
| 044 | _aec | ||
| 082 | 0 | 4 |
_a333.72 _bP77e |
| 110 | 1 |
_aEcuador _bMinisterio del Ambiente |
|
| 245 | 1 | 0 |
_aPolítica y estrategia nacional de biodiversidad del Ecuador _cMinisterio del Ambiente |
| 260 |
_aQuito : _bEcoCiencia , _c2001. |
||
| 300 |
_a111 páginas : _bilustraciones, fotos y tablas ; _c30 x 22 cm. |
||
| 504 | _aIncluye referencias bibliográficas (páginas 100-101). | ||
| 650 | 4 |
_aProtección del medio ambiente _zEcuador |
|
| 650 | 6 |
_aDiversidad bioógica _zEcuador |
|
| 650 | 6 |
_aGestión ambiental _zEcuador |
|
| 650 | 6 |
_aPolítica ambiental _zEcuador |
|
| 710 | 2 | _aFundación Ecuatoriana de Estudios Ecológicos | |
| 942 |
_2ddc _cLIBRO |
||
| 999 |
_c2485 _d2485 |
||